书目信息 |
| 题名: |
准爸爸睡前5分钟胎教故事
|
|
| 作者: | 阿淼妈妈 编著 | |
| 分册: | ||
| 出版信息: | 福州 福建科学技术出版社 2021.01 |
|
| 页数: | 230页 | |
| 开本: | 21cm | |
| 丛书名: | ||
| 单 册: | ||
| 中图分类: | G610.8 , I18 | |
| 科图分类: | ||
| 主题词: | 胎教--基本知识 , 儿童故事--作品集--世界 | |
| 电子资源: | ||
| ISBN: | 978-7-5335-6151-2 | |
| 000 | 00702nam0 2200241 450 | |
| 001 | 012001000938 | |
| 005 | 20141202094602.0 | |
| 010 | @a978-7-5335-6151-2@dCNY39.00 | |
| 100 | @a20220905d2021 em y0chiy50 ea | |
| 101 | 0 | @achi |
| 102 | @aCN@b350000 | |
| 105 | @aa z 000fy | |
| 106 | @ar | |
| 200 | 1 | @a准爸爸睡前5分钟胎教故事@Azhun ba ba shui qian 5fen zhong tai jiao gu shi@f阿淼妈妈编著 |
| 210 | @a福州@c福建科学技术出版社@d2021.01 | |
| 215 | @a230页@c彩图@d21cm | |
| 606 | 0 | @a胎教@x基本知识 |
| 606 | 0 | @a儿童故事@x作品集@y世界 |
| 690 | @aG610.8@v5 | |
| 690 | @aI18@v5 | |
| 701 | 0 | @a阿淼妈妈@Aa miao ma ma@4编著 |
| 801 | 0 | @aCN@bAHXH@c20221111 |
| 905 | @b1362694-8@dG610.8@e2633@f5 | |
| 准爸爸睡前5分钟胎教故事/阿淼妈妈编著.-福州:福建科学技术出版社,2021.01 |
| 230页:彩图;21cm |
| ISBN 978-7-5335-6151-2:CNY39.00 |
| ● |
| 相关链接 |
|
|
|
|
正题名:准爸爸睡前5分钟胎教故事
索取号:G610.8/2633
 
预约/预借
| 序号 | 登录号 | 条形码 | 馆藏地/架位号 | 状态 | 备注 |
| 1 | 1362694 | 213626940 | 第一样本阅览室/ [索取号:G610.8/2633] | 在馆 | |
| 2 | 1362695 | 213626959 | 教育系资料室/ [索取号:G610.8/2633] | 在馆 | |
| 3 | 1362696 | 213626968 | 教育系资料室/ [索取号:G610.8/2633] | 在馆 | |
| 4 | 1362697 | 213626977 | 第四借阅区/ [索取号:G610.8/2633] | 在馆 | |
| 5 | 1362698 | 213626986 | 第四借阅区/ [索取号:G610.8/2633] | 在馆 |